00979 2200313 4500001002100000005001500021035002000036007000300056008004100059040002200100100002000122245017100142250001000313300003100323020002200354041001300376082001000389084001600399090002000415260004600435600001600481700002900497850001000526504002900536990002500565990002500590990002500615990002500640INLIS00000000000251620260601055142 a0010-0220000367ta260601 0  aSBPUPADbind, eng0 aFakih Abul Faiq1 aBimbingan Islam Sehari-hari Akidah - Adab - Ibadah - Muamalah :bMudah dan Praktis Mengenal dan Melaksanakan Ajaran Islam /cFakih Abul Faiq, Penyunting: Erlina Zachi aCet.1 a196 hlm. :bilus. ;c24 cm a978-602-7929-56-207aind, eng a297.1 a297.1 FAK b a370.1 WAR b 4-2 aSurakarta :bAl- Qudwah Publishing,c2014 4aAgama Islam0 aPenyunting: Erlina Zachi aPUPAD aBibliografi, hlm 197-198 a32.399/APBD/DPK/2019 a32.398/APBD/DPK/2019 a32.397/APBD/DPK/2019 a32.396/APBD/DPK/2019